| LEADER | 02163nam a2200277 4500 | ||
|---|---|---|---|
| 082 | |a 757.4 |b PH104V | ||
| 100 | |a Phạm Văn Đại Đồng | ||
| 245 | |a Bí quyết vẽ tĩnh vật |c Phạm Văn Đại Đồng; Huỳnh Phạm Hương Trang dịch | ||
| 260 | |a H. |b Mỹ thuật |c 2002 | ||
| 300 | |a 137 tr. |c 27 cm. | ||
| 520 | |a v.v... | ||
| 653 | |a Hội họa | ||
| 653 | |a Vẽ | ||
| 653 | |a Tĩnh vật | ||
| 653 | |a Bí quyết | ||
| 942 | |2 ddc |c STK0 | ||
| 999 | |c 4171 |d 4171 | ||
| 952 | |0 0 |1 0 |2 ddc |4 0 |6 757_400000000000000_PH104V |7 0 |8 700 |9 42158 |a qbu |b qbu |c D5 |d 2014-12-18 |g 58000 |o 757.4 PH104V |p 4654.c1 |r 0000-00-00 |w 2014-12-18 |y STK0 |0 0 |6 757_400000000000000_PH104V | ||
| 952 | |0 0 |1 0 |2 ddc |4 0 |6 757_400000000000000_PH104V |7 0 |8 700 |9 42159 |a qbu |b qbu |c D5 |d 2014-12-18 |g 58000 |o 757.4 PH104V |p 4654.c2 |r 0000-00-00 |w 2014-12-18 |y STK0 |0 0 |6 757_400000000000000_PH104V | ||
| 952 | |0 0 |1 0 |2 ddc |4 0 |6 757_400000000000000_PH104V |7 0 |8 700 |9 42160 |a qbu |b qbu |c D5 |d 2014-12-18 |g 58000 |o 757.4 PH104V |p 4654.c3 |r 0000-00-00 |w 2014-12-18 |y STK0 |0 0 |6 757_400000000000000_PH104V | ||
| 952 | |0 0 |1 0 |2 ddc |4 0 |6 757_400000000000000_PH104V |7 0 |8 700 |9 42161 |a qbu |b qbu |c D5 |d 2014-12-18 |g 58000 |o 757.4 PH104V |p 4654.c4 |r 0000-00-00 |w 2014-12-18 |y STK0 |0 0 |6 757_400000000000000_PH104V | ||
| 952 | |0 0 |1 0 |2 ddc |4 0 |6 757_400000000000000_PH104V |7 0 |8 700 |9 42162 |a qbu |b qbu |c D5 |d 2014-12-18 |g 58000 |o 757.4 PH104V |p 4654.c5 |r 0000-00-00 |w 2014-12-18 |y STK0 |0 0 |6 757_400000000000000_PH104V | ||
| 952 | |0 0 |1 0 |2 ddc |4 0 |6 757_400000000000000_PH104V |7 0 |8 700 |9 42163 |a qbu |b qbu |c D5 |d 2014-12-18 |g 58000 |o 757.4 PH104V |p 4654.c6 |r 0000-00-00 |w 2014-12-18 |y STK0 |0 0 |6 757_400000000000000_PH104V | ||
| 952 | |0 0 |1 0 |2 ddc |4 0 |6 757_400000000000000_PH104V |7 0 |8 700 |9 42164 |a qbu |b qbu |c D5 |d 2014-12-18 |g 58000 |o 757.4 PH104V |p 4654.c7 |r 0000-00-00 |w 2014-12-18 |y STK0 |0 0 |6 757_400000000000000_PH104V | ||
| 952 | |0 0 |1 0 |2 ddc |4 0 |6 757_400000000000000_PH104V |7 0 |8 700 |9 42165 |a qbu |b qbu |c D5 |d 2014-12-18 |g 58000 |o 757.4 PH104V |p 4654.c8 |r 0000-00-00 |w 2014-12-18 |y STK0 |0 0 |6 757_400000000000000_PH104V | ||
| 952 | |0 0 |1 0 |2 ddc |4 0 |6 757_400000000000000_PH104V |7 0 |8 700 |9 42166 |a qbu |b qbu |c D5 |d 2014-12-18 |g 58000 |o 757.4 PH104V |p 4654.c9 |r 0000-00-00 |w 2014-12-18 |y STK0 |0 0 |6 757_400000000000000_PH104V | ||